ბათუმის შოთა რუსთაველის სახელმწიფო უნივერსიტეტის ბიბლიოთეკა

The Economist, October 12th-18th (ბიბ.ჩანაწერი № 41510)

000 -LEADER
fixed length control field 00365nam a2200169Ia 4500
001 - CONTROL NUMBER
control field 8177
003 - CONTROL NUMBER IDENTIFIER
control field GE_BSU
008 - FIXED-LENGTH DATA ELEMENTS--GENERAL INFORMATION
fixed length control field 181216s||||||||xx |||||||||||||| ||und||
040 ## - CATALOGING SOURCE
Transcribing agency GE_BSU
245 #4 - TITLE STATEMENT
Title The Economist, October 12th-18th
245 ## - TITLE STATEMENT
Remainder of title Number 8857
260 ## - PUBLICATION, DISTRIBUTION, ETC.
Place of publication, distribution, etc. Paris
260 ## - PUBLICATION, DISTRIBUTION, ETC.
Date of publication, distribution, etc. 2013.
300 ## - PHYSICAL DESCRIPTION
Extent 114pg;27sm.
653 ## - INDEX TERM--UNCONTROLLED
Uncontrolled term The Economist
942 ## - ADDED ENTRY ELEMENTS (KOHA)
Koha item type პერიოდიკა
ეგზემპლარები
Withdrawn status Lost status Damaged status Not for loan Date acquired Barcode Date last seen Price effective from Koha item type
        2018-12-17 p75936 2018-12-17 2018-12-17 პერიოდიკა